00503nam a2200193 a 4500001001300000003000900013005001700022008004100039020001000080082001300090100001900103245002800122260004800150300000800198500003500206505003300241650001600274700001900290nice12345678IN_TiNIC20260116011426.0050524s1946 laha grp 000 0 urd  ac10000a239bBAR aBarkatullah, P aEli Eli Lama Sabachtani aLahorebPunjab Religious Booksociety c1946 a87p aincludes index and biblioraphy2 aBound one Volumes Part 1 & 2 aApologetics1 aBarkatullah, P